Statistics for Cities of the Eras Tour

Click here to take the quiz!

General Stats

  • This quiz has been taken 106 times
  • The average score is 89 of 131

Answer Stats

DateVenueCity% Correct
August 3, 2023 | August 4, 2023 | August 5, 2023 | +3 othersSoFi StadiumLos Angeles
87%
May 10, 2024 | May 11, 2024 | May 12, 2024 | May 9, 2024Paris La Defense Arena, FranceParis
85%
May 26, 2023 | May 27, 2023 | May 28, 2023MetLife StadiumEast Rutherford
83%
August 15, 2024 | August 16, 2024 | August 17, 2024 | +3 othersWembley Stadium, EnglandLondon
82%
August 24, 2023 | August 25, 2023 | August 26, 2023 | August 27, 2023Foro Sol, MexicoMexico City
80%
March 2, 2024 | March 3, 2024 | March 4, 2024 | +3 othersSingapore National Stadium, SingaporeSingapore
80%
March 17, 2023 | March 18, 2023State Farm StadiumGlendale
79%
November 17, 2023 | November 18, 2023 | November 19, 2023Estadio Olimpico Nilton Santos, BrazilRio de Janeiro
79%
February 10, 2024 | February 7, 2024 | February 8, 2024 | February 9, 2024Tokyo Dome, JapanTokyo
79%
February 16, 2024 | February 17, 2024 | February 18, 2024Melbourne Cricket Ground, AustraliaMelbourne
77%
February 23, 2024 | February 24, 2024 | February 25, 2024 | February 26, 2024Accor Stadium, AustraliaSydney
77%
April 21, 2023 | April 22, 2023 | April 23, 2023NRG StadiumHouston
76%
March 24, 2023 | March 25, 2023Allegiant StadiumLas Vegas
76%
June 28, 2024 | June 29, 2024 | June 30, 2024Aviva Stadium, IrelandDublin
72%
May 30, 2024Santiago Bernabeu Stadium, SpainMadrid
72%
May 5, 2023 | May 6, 2023 | May 7, 2023Nissan StadiumNashville
72%
November 10, 2023 | November 11, 2023 | November 9, 2023Estadio River Plate, ArgentinaBuenos Aires
70%
June 2, 2023 | June 3, 2023 | June 4, 2023Soldier FieldChicago
70%
May 17, 2024 | May 18, 2024 | May 19, 2024Friends Arena, SwedenStockholm
70%
April 13, 2023 | April 14, 2023 | April 15, 2023Raymond James StadiumTampa
70%
April 28, 2023 | April 29, 2023 | April 30, 2023Mercedes-Benz StadiumAtlanta
68%
July 13, 2024 | July 14, 2024San Siro, ItalyMilan
68%
July 22, 2023 | July 23, 2023Lumen FieldSeattle
68%
July 14, 2023 | July 15, 2023Mile High StadiumDenver
66%
June 7, 2024 | June 8, 2024 | June 9, 2024BT Murrayfield Stadium, ScotlandEdinburgh
66%
July 4, 2024 | July 5, 2024 | July 6, 2024Johan Cruyff Arena, NetherlandsAmsterdam
65%
May 24, 2024 | May 25, 2024Estadio da Luz, PortugalLisbon
65%
August 10, 2024 | August 8, 2024 | August 9, 2024Ernst-Happel-Stadion, AustriaVienna
65%
July 7, 2023 | July 8, 2023Arrowhead StadiumKansas City
63%
August 1, 2024 | August 2, 2024 | August 3, 2024PGE Narodowy, PolandWarsaw
63%
July 27, 2024 | July 28, 2024Olympiastadion, GermanyMunich
62%
May 12, 2023 | May 13, 2023 | May 14, 2023Lincoln Financial FieldPhiladelphia
62%
June 10, 2023 | June 9, 2023Ford FieldDetroit
61%
July 1, 2023 | June 30, 2023Paycor StadiumCincinnati
56%
June 23, 2023 | June 24, 2023US Bank StadiumMinneapolis
56%
July 10, 2024 | July 9, 2024Letzigrund, SwitzerlandZurich
56%
July 28, 2023 | July 29, 2023Levi's StadiumSanta Clara
55%
June 2, 2024 | June 3, 2024Groupama Stadium, FranceLyon
54%
June 13, 2024 | June 14, 2024 | June 15, 2024Anfield, EnglandLiverpool
52%
April 1, 2023 | April 2, 2023 | March 31, 2023AT&T StadiumArlington
51%
June 18, 2024Principality Stadium, WalesCardiff
51%
July 23, 2024 | July 24, 2024Volksparkstadion, GermanyHamburg
51%
June 16, 2023 | June 17, 2023Acrisure StadiumPittsburgh
51%
May 19, 2023 | May 20, 2023 | May 21, 2023Gillette StadiumFoxborough
46%
July 17, 2024 | July 18, 2024 | July 19, 2024Veltins-Arena, GermanyGelsenkirchen
28%
November 24, 2023 | November 25, 2023 | November 26, 2023Allianz Parque, BrazilSao Paolo
28%

Score Distribution

Percentile by Number Answered

Percent of People with Each Score

Your Score History

You have not taken this quiz